The fractal geometry of nature

Αποθηκεύτηκε σε:
Λεπτομέρειες βιβλιογραφικής εγγραφής
Κύριος συγγραφέας: Mandelbrot, Benoit B.
Μορφή: Βιβλίο
Γλώσσα:English
Δημοσίευση: San Francisco : W.H. Freeman, c1982
Θέματα:
Ετικέτες: Προσθήκη ετικέτας
Δεν υπάρχουν, Καταχωρήστε ετικέτα πρώτοι!

MARC

LEADER 00000cam a2200000 i 4500
001 1/42043
008 941103s1982 eng d
020 |a 0716711869 
035 |l 10041659 
035 |a 1988 
040 |a GR-MY-UA  |b gre  |e aacr 
041 0 |a eng 
082 0 |a 516.15  |2 (19) 
100 1 |a Mandelbrot, Benoit B. 
245 1 4 |a The fractal geometry of nature /  |c Benoit B. Mandelbrot 
260 |a San Francisco :   |b W.H. Freeman,   |c c1982 
300 |a 460 p., [1] leaf of plates;  |b ill. (some col.);  |c 24 cm 
500 |a Rev. ed. of: Fractals. c1977 
500 |a Includes index 
504 |a Bibliography: p. [425]-443 
650 0 0 |a Geometry. 
650 0 0 |a Mathematical models. 
650 0 0 |a Stochastic processes. 
650 0 0 |a Fractals. 
852 |a INST  |b SAMOS  |e 19941103  |h 516.15 MAN  |p 005300007516  |q 005300007516  |t BK  |y 0 
909 |a Σ  |b 012306